Antología en verso y prosa
Պահպանված է:
| Հիմնական հեղինակ: | |
|---|---|
| Ձևաչափ: | Գիրք |
| Լեզու: | իսպաներեն |
| Հրապարակվել է: |
Lima
Real Academia Española
2010
Lima Alfaguara 2010 |
| Խորագրեր: | |
| Ցուցիչներ: |
Ավելացրեք ցուցիչ
Չկան պիտակներ, Եղեք առաջինը, ով նշում է այս գրառումը!
|
MARC
| LEADER | 00000nam a2200000 a 4500 | ||
|---|---|---|---|
| 001 | UCG0868 | ||
| 003 | CL-VaPUC | ||
| 005 | 20250408092630.0 | ||
| 008 | 100415e20100000PE |||||||||||||||||spa|d | ||
| 999 | |c 340386 |d 340384 | ||
| 020 | |a 9788420405599 | ||
| 040 | |c Pontificia Universidad Católica de Valparaíso | ||
| 082 | 0 | 4 | |a Ch861 MIS 2010 |b MIS |2 21 |
| 100 | 1 | |a Mistral, Gabriela |c autora |9 866378 | |
| 245 | 1 | 0 | |a Antología en verso y prosa |
| 260 | |a Lima |b Real Academia Española |c 2010 | ||
| 260 | |a Lima |b Alfaguara |c 2010 | ||
| 300 | |a 758 p | ||
| 583 | |a last modification |c 20130326 06:58:26 |k Rodrigo Vera | ||
| 650 | 0 | |a Poesías chilenas |9 265280 | |
| 650 | 0 | |a Prosa chilena |9 267787 | |
| 942 | |c BK |2 ddc | ||
| 945 | |d 20100415 00:00:00 |a rbrito | ||
| 952 | |0 0 |1 0 |4 0 |6 CH_861_000000000000000_MIS_2010_2010 |7 0 |8 A |9 435101 |a BIBAGR |b BIBAGR |d 2019-11-22 |i 4661427 |o Ch861 MIS 2010 2010 |p 4661427 |r 2025-01-20 |w 2019-11-22 |y BK |k AGR | ||
| 952 | |0 0 |1 0 |4 0 |6 CH_861_000000000000000_MIS_2010_2010 |7 0 |8 P |9 435102 |a BIBARQ |b BIBARQ |d 2019-11-22 |i 4661435 |o Ch861 MIS 2010 2010 |p 4661435 |r 2025-01-20 |w 2019-11-22 |y BK |k ARQ | ||
| 952 | |0 0 |1 0 |4 0 |6 CH_861_000000000000000_MIS_2010_2010 |7 0 |8 A |9 435103 |a BIBART |b BIBART |d 2019-11-22 |i 4661443 |l 3 |o Ch861 MIS 2010 2010 |p 4661443 |r 2025-03-13 |s 2023-05-12 |w 2019-11-22 |y BK |k ART | ||
| 952 | |0 0 |1 0 |2 ddc |4 0 |6 CH_861_000000000000000_MIS_2010 |7 0 |8 A |9 435104 |a BIBDER |b BIBDER |d 2019-11-22 |i 4661451 |l 1 |o Ch861 MIS 2010 |p 4661451 |r 2025-04-08 |s 2025-04-08 |w 2019-11-22 |y BK |k DER | ||
| 952 | |0 0 |1 0 |4 0 |6 CH_861_000000000000000_MIS_2010_2010 |7 0 |8 A |9 435105 |a BIBTEO |b BIBTEO |d 2019-11-22 |i 466146K |o Ch861 MIS 2010 2010 |p 466146K |r 2025-01-17 |w 2019-11-22 |y BK |k ICR | ||
| 952 | |0 0 |1 0 |4 0 |6 CH_861_000000000000000_MIS_2010_2010 |7 0 |8 A |9 435107 |a BIBMEC |b BIBMEC |d 2019-11-22 |i 4661486 |o Ch861 MIS 2010 2010 |p 4661486 |r 2019-11-22 |w 2019-11-22 |y BK |k MEC | ||
| 952 | |0 0 |1 0 |2 ddc |4 0 |6 CH_861_000000000000000_MIS_2010_2010 |7 0 |8 R |9 435108 |a BIBEDU |b BIBEDU |c RES |d 2019-11-22 |i 4661494 |l 1 |o Ch861 MIS 2010 2010 |p 4661494 |r 2025-04-11 |s 2025-04-11 |w 2019-11-22 |y BK_R |k MUS | ||
| 952 | |0 0 |1 0 |4 0 |6 CH_861_000000000000000_MIS_2010_2010 |7 0 |8 A |9 435109 |a BIBHIS |b BIBHIS |d 2019-11-22 |i 4661508 |o Ch861 MIS 2010 2010 |p 4661508 |r 2025-01-20 |w 2019-11-22 |y BK |k HIS | ||
| 952 | |0 0 |1 0 |4 0 |6 CH_861_000000000000000_MIS_2010_2010 |7 0 |8 A |9 435110 |a BIBEDU |b BIBEDU |c ES_NOD |d 2019-11-22 |i 4661524 |o Ch861 MIS 2010 2010 |p 4661524 |r 2023-08-09 |w 2019-11-22 |y BK |k EDU | ||
| 952 | |0 0 |1 0 |4 0 |6 CH_861_000000000000000_MIS_2010_2010 |7 0 |8 A |9 435111 |a BIBEDU |b BIBEDU |c ES_NOD |d 2019-11-22 |i 4661532 |o Ch861 MIS 2010 2010 |p 4661532 |r 2019-11-22 |w 2019-11-22 |y BK |k LIT | ||
| 952 | |0 0 |1 0 |4 0 |6 CH_861_000000000000000_MIS_2010_2010 |7 0 |8 A |9 435113 |a BIBING |b BIBING |d 2019-11-22 |i 4661559 |l 3 |m 3 |o Ch861 MIS 2010 2010 |p 4661559 |r 2025-01-20 |s 2023-03-23 |w 2019-11-22 |y BK |k ING | ||
| 952 | |0 0 |1 0 |4 0 |6 CH_861_000000000000000_MIS_2010_2010 |7 0 |8 A |9 435114 |a FDOPOS |b FDOPOS |d 2019-11-22 |i 4661567 |o Ch861 MIS 2010 2010 |p 4661567 |r 2025-01-22 |w 2019-11-22 |y BK |k DLH | ||
| 952 | |0 0 |1 0 |4 0 |6 CH_861_000000000000000_MIS_2010_2010 |7 0 |8 A |9 435115 |a FDOPOS |b FDOPOS |d 2019-11-22 |i 4661575 |o Ch861 MIS 2010 2010 |p 4661575 |r 2025-01-22 |w 2019-11-22 |y BK |k DLH | ||
| 952 | |0 0 |1 0 |4 0 |6 CH_861_000000000000000_MIS_2010_2010 |7 0 |8 A |9 435116 |a BIBEDU |b BIBEDU |c ES_NOD |d 2019-11-22 |i 4661583 |l 2 |o Ch861 MIS 2010 2010 |p 4661583 |r 2025-04-21 |s 2025-04-14 |w 2019-11-22 |y BK |k LIT | ||
| 952 | |0 0 |1 0 |4 0 |6 CH_861_000000000000000_MIS_2010_2010 |7 0 |8 A |9 435117 |a BIBEDU |b BIBEDU |c ES_NOD |d 2019-11-22 |i 4661591 |l 1 |o Ch861 MIS 2010 2010 |p 4661591 |r 2025-04-08 |s 2025-04-01 |w 2019-11-22 |y BK |k LIT | ||
| 952 | |0 0 |1 0 |4 0 |6 CH_861_000000000000000_MIS_2010_2010 |7 0 |8 A |9 435118 |a BIBEDU |b BIBEDU |c ES_NOD |d 2019-11-22 |i 4661605 |l 1 |o Ch861 MIS 2010 2010 |p 4661605 |r 2025-04-25 |s 2025-04-17 |w 2019-11-22 |y BK |k LIT | ||
| 952 | |0 0 |1 0 |2 ddc |4 0 |6 CH_861_000000000000000_MIS_2010 |7 0 |8 X |9 435119 |a FDOBUD |b FDOBUD |d 2019-11-22 |i 4672399 |o Ch861 MIS 2010 |p 4672399 |r 2019-11-22 |w 2019-11-22 |y BK_X |k BUD | ||